[Event "It's a Knockout"]
[Site "SchemingMind.com"]
[Date "2006.09.25"]
[Round "-"]
[White "mart_r3000"]
[Black "Austin Lockwood"]
[Result "0-1"]
[WhiteCountry "ENG"]
[BlackCountry "ENG"]
[WhiteElo "1270"]
[WhiteRD "54"]
[BlackElo "1672"]
[BlackRD "107"]
[GameID "69565"]

1. e4 c5 2. Nf3 d6 3. Nc3 Nf6 4. Bb5+ Bd7 5. e5 Bxb5 6. Nxb5 dxe5 7. Nxe5 a6 8. Nc3 Nbd7 9. Qe2 Nxe5 10. Qxe5 e6
11. O-O Bd6 12. Qg5 h6 13. Qxg7 Rh7 14. Qxh7 Nxh7 15. Re1 Qc7 16. Nd5 Bxh2+ 17. Kf1 Qc6 18. c4 Bd6 19. d3 O-O-O 20. b3 exd5
21. Bd2 Rg8 22. g3 Bxg3 23. fxg3 Rxg3 24. Bf4 Qf6 25. Re8+ Kd7 26. Ree1 Qxf4+ 27. Ke2 Rg2+
0-1

[Event "It's a Knockout"]
[Site "SchemingMind.com"]
[Date "2006.09.25"]
[Round "-"]
[White "Austin Lockwood"]
[Black "mart_r3000"]
[Result "1-0"]
[WhiteCountry "ENG"]
[BlackCountry "ENG"]
[WhiteElo "1672"]
[WhiteRD "105"]
[BlackElo "1284"]
[BlackRD "54"]
[GameID "69566"]

1. e4 e5 2. Nf3 Nc6 3. Bb5 a6 4. Ba4 Nf6 5. O-O Nxe4 6. Re1 d5 7. Bxc6+ bxc6 8. d3 Nc5 9. Nxe5 Ne6 10. Qh5 g6
11. Qf3 Qe7 12. Nxc6 Qd7 13. Ne5 Qe7 14. Qxd5 Ra7 15. Nc6 Qb4 16. Qd8#
1-0

[Event "It's a Knockout"]
[Site "SchemingMind.com"]
[Date "2006.09.25"]
[Round "-"]
[White "Lee Shuck"]
[Black "surfnsuds"]
[Result "0-1"]
[WhiteCountry "ENG"]
[BlackCountry "USA"]
[WhiteElo "1228"]
[WhiteRD "70"]
[BlackElo "1381"]
[BlackRD "111"]
[GameID "69568"]

1. e4 e5 2. Nf3 d6 3. d4 Nf6 4. Nc3 Be7 5. dxe5 dxe5 6. Bc4 Qxd1+ 7. Kxd1 O-O 8. Nxe5 Be6 9. Nb5 Bd6 10. Bf4 Bxc4
11. Nxc4 Bxf4 12. g3 Bg5 13. h4 Nxe4 14. hxg5 Nxf2+ 15. Ke2 Nxh1 16. Rxh1 c6 17. Nc7 b5 18. Nd6 Nd7 19. Nxa8 Rxa8 20. Rf1 Rf8
21. b4 f6 22. Ne4 Re8 23. Rf4 fxg5 24. Rf5 Rxe4+ 25. Kd3 Rxb4 26. Rxg5 Rb2 27. a4 h6 28. Rg6 Ne5+
0-1

[Event "It's a Knockout"]
[Site "SchemingMind.com"]
[Date "2006.09.25"]
[Round "-"]
[White "surfnsuds"]
[Black "Lee Shuck"]
[Result "1-0"]
[WhiteCountry "USA"]
[BlackCountry "ENG"]
[WhiteElo "1381"]
[WhiteRD "111"]
[BlackElo "1228"]
[BlackRD "70"]
[GameID "69569"]

1. d4 Nf6 2. e3 d5 3. Nc3 e6 4. Bd3 Nbd7 5. Nf3 c6 6. O-O Bd6 7. e4 O-O 8. e5 Be7 9. exf6 Nxf6 10. Bg5 Ng4
11. Qd2 b6 12. Qf4 h6 13. Bxe7 Qxe7 14. Qxg4 e5 15. Qg3 a5 16. Rae1 Qf6 17. dxe5 Qe7 18. Nh4 d4 19. Ne4 Be6 20. Nd6 c5
21. Ndf5 g6 22. Nxe7+ Kh8 23. Nexg6+ fxg6 24. Nxg6+ Kg8 25. Nxf8+ Kxf8 26. Bh7 Re8 27. Re4 Re7 28. Rf4+ Ke8 29. Bg8 Bxg8 30. Qxg8+ Kd7
31. Re1 Re8 32. e6+ Ke7 33. Qf7+ Kd8 34. Qd7#
1-0

[Event "It's a Knockout"]
[Site "SchemingMind.com"]
[Date "2006.09.26"]
[Round "-"]
[White "Mekk"]
[Black "Neutrino"]
[Result "1-0"]
[WhiteCountry "POL"]
[BlackCountry "EGY"]
[WhiteElo "1730"]
[WhiteRD "65"]
[BlackElo "1550"]
[BlackRD "84"]
[GameID "69586"]

1. e4 c5 2. Nf3 d6 3. d4 cxd4 4. Nxd4 Nf6 5. Nc3 a6 6. Be3 e5 7. Nb3 Be6 8. Be2 Be7 9. O-O O-O 10. f4 exf4
11. Bxf4 Nc6 12. Bf3 Qb6+ 13. Kh1 Rfd8 14. Qe1 Bc4 15. Rg1 Ne5 16. Qg3 Nxf3 17. gxf3 Nh5 18. Qg4 Qf2 19. Qxh5
1-0

[Event "It's a Knockout"]
[Site "SchemingMind.com"]
[Date "2006.09.26"]
[Round "-"]
[White "Neutrino"]
[Black "Mekk"]
[Result "1-0"]
[WhiteCountry "EGY"]
[BlackCountry "POL"]
[WhiteElo "1550"]
[WhiteRD "84"]
[BlackElo "1730"]
[BlackRD "65"]
[GameID "69587"]

1. d4 Nf6 2. c4 g6 3. Nc3 d5 4. cxd5 Nxd5 5. e4 Nxc3 6. bxc3 Bg7 7. Nf3 c5 8. Rb1 Nc6 9. Bb5 O-O 10. O-O cxd4
11. Bxc6 bxc6 12. cxd4 Ba6 13. Re1 Qa5 14. Qc2 Bb5 15. Bf4 Rfd8 16. Bd2 Qc7 17. Be3 a5 18. Rxb5
1-0

[Event "It's a Knockout"]
[Site "SchemingMind.com"]
[Date "2006.09.27"]
[Round "-"]
[White "Orange Lion"]
[Black "spoke"]
[Result "1-0"]
[WhiteCountry "NED"]
[BlackCountry "GER"]
[WhiteElo "2115"]
[WhiteRD "83"]
[BlackElo "1676"]
[BlackRD "64"]
[GameID "69601"]

1. e4 e5 2. f4 exf4 3. Nf3 d5 4. exd5 Nf6 5. Bb5+ c6 6. dxc6 Nxc6 7. d4 Be7 8. O-O O-O 9. Bxf4 Bg4 10. Bxc6 bxc6
11. Qd3 Nd5 12. Ne5 Nb4 13. Qd2 Bf5 14. Bg3 Be4 15. Nc3 Bxc2 16. a3 Bg5 17. Bf4 Bxf4 18. Rxf4
1-0

[Event "It's a Knockout"]
[Site "SchemingMind.com"]
[Date "2006.09.26"]
[Round "-"]
[White "spoke"]
[Black "Orange Lion"]
[Result "0-1"]
[WhiteCountry "GER"]
[BlackCountry "NED"]
[WhiteElo "1735"]
[WhiteRD "59"]
[BlackElo "2139"]
[BlackRD "85"]
[GameID "69603"]

1. e4 e6 2. d4 d5 3. Nc3 Bb4 4. e5 c5 5. a3 Bxc3+ 6. bxc3 Ne7 7. Nf3 Qa5 8. Bd2 Nbc6 9. Bd3 c4 10. Be2 Bd7
11. O-O Qc7 12. Nh4 O-O-O 13. f4 f6 14. Bg4 Rdf8 15. f5 exf5 16. exf6 Rxf6 17. Bh3 h6 18. Bf4 Qa5 19. Be5 Rf7 20. Qh5 Nxe5
21. dxe5 g6 22. Nxg6 Qb6+
0-1

[Event "It's a Knockout"]
[Site "SchemingMind.com"]
[Date "2006.09.26"]
[Round "-"]
[White "wom_bat"]
[Black "Robert Pallett"]
[Result "0-1"]
[WhiteCountry "GER"]
[BlackCountry "ENG"]
[WhiteElo "1816"]
[WhiteRD "104"]
[BlackElo "2298"]
[BlackRD "68"]
[GameID "69622"]

1. d4 Nf6 2. c4 e6 3. Nf3 d5 4. Nc3 c6 5. e3 Nbd7 6. Bd3 Bd6 7. O-O dxc4 8. Bxc4 O-O 9. Qc2 e5 10. Re1 Qe7
11. b3 e4 12. Ng5 Bb4 13. f3 Bxc3 14. Qxc3 Nd5 15. Bxd5 cxd5 16. Nh3 exf3 17. gxf3 Ne5 18. dxe5 Bxh3 19. Kh1 f6 20. Bb2 fxe5
21. f4 exf4 22. exf4 Qd7 23. Rg1 d4 24. Qf3 Rxf4
0-1

[Event "It's a Knockout"]
[Site "SchemingMind.com"]
[Date "2006.09.26"]
[Round "-"]
[White "Robert Pallett"]
[Black "wom_bat"]
[Result "1-0"]
[WhiteCountry "ENG"]
[BlackCountry "GER"]
[WhiteElo "2298"]
[WhiteRD "68"]
[BlackElo "1816"]
[BlackRD "104"]
[GameID "69623"]

1. e4 c5 2. Nf3 Nc6 3. d4 cxd4 4. Nxd4 Nxd4 5. Qxd4 d6 6. Be2 Nf6 7. O-O g6 8. Nc3 Bg7 9. Be3 O-O 10. Qd2 Be6
11. Bd4 Qa5 12. Rad1 Rac8 13. a3 Rfd8 14. Rfe1 d5 15. e5 Nd7 16. f4 f6 17. Bf3 fxe5 18. Nxd5 Qxd2 19. Rxd2 Bf6 20. Bxa7 Nf8
21. Nxf6+ exf6 22. Rxd8 Rxd8 23. fxe5 fxe5 24. Rxe5 Bf5 25. c4
1-0

[Event "It's a Knockout"]
[Site "SchemingMind.com"]
[Date "2006.09.27"]
[Round "-"]
[White "simon_w"]
[Black "C. H. O'D. Schlechter"]
[Result "0-1"]
[WhiteCountry "IRL"]
[BlackCountry "USA"]
[WhiteElo "1739"]
[WhiteRD "65"]
[BlackElo "2310"]
[BlackRD "68"]
[GameID "69691"]

1. e4 e5 2. Nf3 Nc6 3. d4 exd4 4. Nxd4 Nf6 5. c3 Nxe4 6. Qe2 Nxd4 7. cxd4 Bb4+ 8. Bd2 O-O 9. Bxb4 Re8 10. Qc2 Ng3+
11. Kd1 Nxh1 12. f3 Qh4 13. Qd2 Qxh2 14. Bc4 Qg1+ 15. Kc2 d5 16. Bxd5 Bf5+ 17. Kb3 Ng3 18. Qf4 Ne2 19. Bxf7+ Kh8 20. Qd2 Nxd4+
21. Ka4 b5+ 22. Ka5 a6 23. Bxe8 Nb3+
0-1

[Event "It's a Knockout"]
[Site "SchemingMind.com"]
[Date "2006.10.01"]
[Round "-"]
[White "Mitchell-in"]
[Black "Dr_Pat"]
[Result "1-0"]
[WhiteCountry "ENG"]
[BlackCountry "USA"]
[WhiteElo "1580"]
[WhiteRD "62"]
[BlackElo "1495"]
[BlackRD "56"]
[GameID "69692"]

1. e4 c5 2. c3 Nf6 3. e5 Nd5 4. d4 cxd4 5. cxd4 Nc6 6. Nf3 e6 7. Be2 d6 8. O-O dxe5 9. dxe5 Be7 10. Nbd2 O-O
11. Nb3 Bd7 12. Bd2 f6 13. exf6 Rxf6 14. Bg5 Rg6 15. Bxe7 Qxe7 16. Bd3 e5 17. Bxg6 hxg6 18. Qxd5+ Kh8 19. Rad1 Be6 20. Qd6 Qxd6
21. Rxd6 Bxb3 22. axb3 e4 23. Nd4 Nxd4 24. Rxd4 Re8 25. Re1
1-0

[Event "It's a Knockout"]
[Site "SchemingMind.com"]
[Date "2006.09.27"]
[Round "-"]
[White "C. H. O'D. Schlechter"]
[Black "simon_w"]
[Result "1-0"]
[WhiteCountry "USA"]
[BlackCountry "IRL"]
[WhiteElo "2310"]
[WhiteRD "68"]
[BlackElo "1739"]
[BlackRD "65"]
[GameID "69695"]

1. e4 e5 2. Nf3 Nc6 3. d4 d5 4. exd5 Qxd5 5. Nc3 Qe6 6. d5 Qd6 7. dxc6 bxc6 8. Qxd6 cxd6 9. b3 Be7 10. Ba3 Nf6
11. O-O-O c5 12. Bb5+ Bd7 13. Bxd7+ Nxd7 14. Nb5 O-O 15. Nxd6 Bxd6 16. Rxd6 Rfd8 17. Rhd1
1-0

[Event "It's a Knockout"]
[Site "SchemingMind.com"]
[Date "2006.10.01"]
[Round "-"]
[White "Dr_Pat"]
[Black "Mitchell-in"]
[Result "0-1"]
[WhiteCountry "USA"]
[BlackCountry "ENG"]
[WhiteElo "1495"]
[WhiteRD "56"]
[BlackElo "1580"]
[BlackRD "62"]
[GameID "69696"]

1. e4 e5 2. Nf3 Nc6 3. Bb5 a6 4. Ba4 Nf6 5. O-O d6 6. Bxc6+ bxc6 7. Nc3 Bg4 8. d3 d5 9. h3 Bh5 10. Bg5 h6
11. Bxf6 gxf6 12. Rc1 Bb4 13. g4 Bg6 14. Nh4 Bxc3 15. bxc3 dxe4 16. dxe4 Qxd1 17. Rcxd1 Bxe4 18. Rd2 Ke7 19. Ng2 Bxg2 20. Kxg2 Rhd8
21. Rxd8 Rxd8 22. Re1 Rd2 23. Rc1 Kd6 24. Kg3 Ke6 25. f3 f5 26. gxf5+ Kxf5 27. c4 Rd4
0-1

[Event "It's a Knockout"]
[Site "SchemingMind.com"]
[Date "2006.09.27"]
[Round "-"]
[White "jmfera"]
[Black "echecs"]
[Result "0-1"]
[WhiteCountry "ARG"]
[BlackCountry "ENG"]
[WhiteElo "1433"]
[WhiteRD "151"]
[BlackElo "1718"]
[BlackRD "61"]
[GameID "69702"]

1. e4 Nf6 2. Nc3 d6 3. d4 Nc6 4. Be3 Bd7 5. Bc4 e6 6. Nf3 Be7 7. Qc1 O-O 8. Bg5 a6 9. Bd3 Nh5 10. h4 g6
11. Be2 d5 12. Bh6 Re8 13. Ng5 Ng7 14. Qf4 Rf8 15. e5 f6 16. Qg3 fxg5 17. hxg5 Nxd4 18. Bd3 Ndf5 19. Bxf5 Rxf5 20. Qh4 Qf8
21. Bxg7 Qxg7 22. f4 Raf8 23. g3 Qh8 24. Qg4 Bc6 25. Ne2 Bc5 26. O-O-O Rd8 27. Nd4 Bxd4 28. Rxd4 b5 29. Qe2 Bb7 30. a4 c5
31. Rd3 c4 32. Ra3 d4 33. Rh2 b4 34. Rf3 Bxf3 35. Qxf3 Qg7 36. Qc6 Qd7 37. Qxc4 a5 38. b3 Rc8 39. Qd3 Rc3 40. Qa6 Rf8
41. Qxa5 Rb8 42. Rd2 Qc6 43. Qa7 Rd8 44. Rh2 Qd7 45. Qb6 d3 46. Rd2 Rxc2+ 47. Rxc2 dxc2
0-1

[Event "It's a Knockout"]
[Site "SchemingMind.com"]
[Date "2006.09.28"]
[Round "-"]
[White "echecs"]
[Black "jmfera"]
[Result "1-0"]
[WhiteCountry "ENG"]
[BlackCountry "ARG"]
[WhiteElo "1718"]
[WhiteRD "61"]
[BlackElo "1433"]
[BlackRD "151"]
[GameID "69703"]

1. e4 c5 2. Nf3 d6 3. Bc4 Bg4 4. h3 Bh5 5. Qe2 Nf6 6. Qe3 Nbd7 7. Nc3 e6 8. Nb5 Nb6 9. O-O Nxc4 10. Qd3 Bxf3
11. Qxf3 a6 12. Nc3 Ne5 13. Qe2 Qc7 14. d3 Be7 15. f4 Ng6 16. f5 Ne5 17. fxe6 fxe6 18. Bg5 O-O 19. Rf2 d5 20. exd5 exd5
21. Re1 d4 22. Qxe5 Bd6 23. Qe6+ Kh8 24. Nd5 Nxd5 25. Rxf8+ Rxf8 26. Qxd5 Bh2+ 27. Kh1 Bg3 28. Rb1 h6 29. Bd2 Qe7 30. Qh5 Qf6
31. Qe2 Bb8 32. Kg1 Qd6 33. g4 c4 34. dxc4 d3 35. cxd3 Qg3+ 36. Qg2 Qxd3 37. Rc1 Qd4+ 38. Kh1 Rf2 39. Bc3 Qf4 40. Bxg7+ Kh7
41. Bxh6 Qxh6 42. Qxb7+ Qg7 43. Qxb8 Qf7 44. Qg3 Qb7+ 45. Kg1 Qxb2 46. Re1 Rf7 47. Qd3+ Kg7 48. Re2 Qc1+ 49. Kg2 Qf1+ 50. Kg3 Qf4+
51. Kg2 Kh6 52. Re6+ Kg5 53. Qg6+ Kh4 54. Qh5#
1-0

[Event "It's a Knockout"]
[Site "SchemingMind.com"]
[Date "2006.10.06"]
[Round "-"]
[White "C. H. O'D. Schlechter"]
[Black "Austin Lockwood"]
[Result "1-0"]
[WhiteCountry "USA"]
[BlackCountry "ENG"]
[WhiteElo "2310"]
[WhiteRD "68"]
[BlackElo "1672"]
[BlackRD "107"]
[GameID "70867"]

1. d4 Nf6 2. c4 e6 3. Nc3 Bb4 4. Qc2 O-O 5. a3 Bxc3+ 6. Qxc3 b6 7. Bg5 Bb7 8. e3 h6 9. Bh4 d6 10. Ne2 Nbd7
11. Qc2 c5 12. Rd1 cxd4 13. Nxd4 d5 14. cxd5 Bxd5 15. f3 Rc8 16. Qf2 g5 17. Bg3 e5 18. Nf5 Be6 19. Bd3 Bxf5 20. Bxf5 Qe7
21. O-O Rc7 22. f4 gxf4 23. Bh4 Nc5 24. exf4 e4 25. b4 Ne6 26. Qb2 Kg7 27. g4 Rh8 28. Bxe4 h5 29. g5
1-0

[Event "It's a Knockout"]
[Site "SchemingMind.com"]
[Date "2006.10.06"]
[Round "-"]
[White "Austin Lockwood"]
[Black "C. H. O'D. Schlechter"]
[Result "0-1"]
[WhiteCountry "ENG"]
[BlackCountry "USA"]
[WhiteElo "1672"]
[WhiteRD "107"]
[BlackElo "2310"]
[BlackRD "68"]
[GameID "70876"]

1. e4 e5 2. Nf3 Nc6 3. Bc4 Bc5 4. b4 Bxb4 5. c3 Ba5 6. d4 exd4 7. O-O Nge7 8. Ng5 Ne5 9. Nxf7 Nxf7 10. Bxf7+ Kxf7
11. Qh5+ g6 12. Qxa5 d5 13. Bg5 c6 14. Qxd8 Rxd8 15. Re1 dxe4 16. Rxe4 Re8 17. Rxd4 Nf5 18. Rd1 h6 19. Bf4 g5 20. Bg3 Be6
21. Nd2 Rad8 22. Nb3 Bd5 23. Nc5 b6 24. Nd3 Nxg3 25. hxg3 c5 26. c4 Be6 27. Ne5+ Kf6 28. Rxd8 Rxd8 29. Re1 Rd4 30. f3 Bxc4
31. Ng4+ Kg6 32. Ne5+ Kf5 33. Nxc4 Rxc4 34. g4+ Kf6 35. Re3 Rc1+ 36. Kh2 c4 37. Kg3 c3 38. Re8 b5 39. Rf8+ Ke7
0-1

[Event "It's a Knockout"]
[Site "SchemingMind.com"]
[Date "2006.10.31"]
[Round "-"]
[White "Orange Lion"]
[Black "echecs"]
[Result "1-0"]
[WhiteCountry "NED"]
[BlackCountry "ENG"]
[WhiteElo "2194"]
[WhiteRD "81"]
[BlackElo "1767"]
[BlackRD "58"]
[GameID "74255"]

1. e4 d5 2. exd5 Qxd5 3. Nc3 Qa5 4. d4 Nf6 5. Nf3 Bf5 6. Ne5 c6 7. Bd3 Be6 8. O-O Nbd7 9. Re1 Qc7 10. Bf4 Qb6
11. Qd2 Qxd4 12. Nxc6 bxc6 13. Rxe6 c5 14. Nb5 Qxb2 15. Nd6+ Kd8 16. Qa5+ Nb6 17. Nb7+
1-0

[Event "It's a Knockout"]
[Site "SchemingMind.com"]
[Date "2006.10.30"]
[Round "-"]
[White "echecs"]
[Black "Orange Lion"]
[Result "0-1"]
[WhiteCountry "ENG"]
[BlackCountry "NED"]
[WhiteElo "1767"]
[WhiteRD "58"]
[BlackElo "2194"]
[BlackRD "81"]
[GameID "74268"]

1. b4 e5 2. Bb2 Bxb4 3. Bxe5 Nf6 4. a3 Be7 5. Nf3 O-O 6. e3 d5 7. Nc3 c5 8. Nb5 Nc6 9. Bb2 Be6 10. Be2 a6
11. Nc3 d4 12. exd4 cxd4 13. Na2 Qb6 14. Rb1 Bxa2
0-1

[Event "It's a Knockout"]
[Site "SchemingMind.com"]
[Date "2006.11.27"]
[Round "-"]
[White "C. H. O'D. Schlechter"]
[Black "Orange Lion"]
[Result "1-0"]
[WhiteCountry "USA"]
[BlackCountry "NED"]
[WhiteElo "2349"]
[WhiteRD "63"]
[BlackElo "2245"]
[BlackRD "80"]
[GameID "78050"]

1. e4 e6 2. d4 d5 3. Nc3 Bb4 4. e5 c5 5. a3 Bxc3+ 6. bxc3 Ne7 7. Qg4 O-O 8. Bd3 Nbc6 9. Qh5 Ng6 10. Nf3 Qc7
11. Be3 c4 12. Bxg6 fxg6 13. Qg4 Qf7 14. Ng5 Qe7 15. h4 Rf5 16. Kd2 Bd7 17. Qe2 h6 18. g4 Rff8 19. Nh3 Kh7 20. h5 gxh5
21. g5 Rf5 22. gxh6 g6 23. Rhg1 b6 24. Rxg6 Kxg6 25. Rg1+ Kh7 26. Rg7+ Qxg7 27. hxg7 Rg8 28. Nf4 Be8 29. Nxe6 Bf7 30. Ng5+ Kxg7
31. Nf3 Be8 32. Nh4 Rff8 33. Bg5 Kh7 34. f4 a6 35. Qe3 Rg7 36. e6
1-0

[Event "It's a Knockout"]
[Site "SchemingMind.com"]
[Date "2006.12.22"]
[Round "-"]
[White "Mitchell-in"]
[Black "surfnsuds"]
[Result "1-0"]
[WhiteCountry "ENG"]
[BlackCountry "USA"]
[WhiteElo "1578"]
[WhiteRD "68"]
[BlackElo "1374"]
[BlackRD "107"]
[GameID "83222"]

1. e4 e5 2. Nf3 Nc6 3. Bc4 f6 4. d4 Nge7 5. dxe5 fxe5 6. Nc3 Na5 7. Bd3 Ng6 8. Be3 c6 9. O-O d6 10. Qd2 d5
11. exd5 Qd6 12. dxc6 Qxc6 13. Bxg6+ Qxg6 14. Nxe5 Qe6 15. Nf3 Nc4 16. Qc1 Qg6 17. Kh1 Bd6 18. Re1 O-O 19. b3 Nxe3 20. Qxe3 Bf5
21. Nd4 Bxc2 22. Nxc2 Qxc2 23. Qe6+ Rf7 24. Qxd6 Qxc3 25. Rac1 Qa5 26. Re7 Rd8 27. Qe5 Qxe5 28. Rxe5 Rxf2 29. a4 Kf7 30. h3 Rdd2
31. Rg5 Kf6 32. Rg3 h6 33. Rc7 g5 34. Rxb7 h5 35. Rxa7 Kf5 36. Rf3+ Ke4 37. Re7+ Kd4 38. Rxf2 Rxf2 39. a5
1-0

[Event "It's a Knockout"]
[Site "SchemingMind.com"]
[Date "2006.12.22"]
[Round "-"]
[White "surfnsuds"]
[Black "Mitchell-in"]
[Result "0-1"]
[WhiteCountry "USA"]
[BlackCountry "ENG"]
[WhiteElo "1374"]
[WhiteRD "112"]
[BlackElo "1578"]
[BlackRD "60"]
[GameID "83229"]

1. d4 d5 2. e3 Nf6 3. c4 e6 4. c5 b6 5. Ne2 bxc5 6. dxc5 Bxc5 7. Nec3 O-O 8. Be2 Nc6 9. O-O Rb8 10. Bb5 Bd7
11. Bxc6 Bxc6 12. b3 Re8 13. Qf3 Qd7 14. Bb2 d4 15. Qd1 dxc3 16. Qxd7 cxb2 17. Qxc6 bxa1=Q 18. Qxc5 Qxa2 19. Qxc7 Qxb3 20. Nd2 Qb7
21. Qc4 Rec8 22. Qd3 Rd8 23. Qe2 Qb5 24. Qe1 a5 25. Nb1 a4 26. Qc1 Qxb1 27. Qxb1 Rxb1 28. Rxb1 a3 29. Ra1 a2 30. g3 Rd2
31. Kf1 h6 32. Ke1 Rb2 33. h3 Rb1+
0-1

[Event "It's a Knockout"]
[Site "SchemingMind.com"]
[Date "2007.03.26"]
[Round "-"]
[White "Robert Pallett"]
[Black "Mitchell-in"]
[Result "1-0"]
[WhiteCountry "ENG"]
[BlackCountry "ENG"]
[WhiteElo "2317"]
[WhiteRD "72"]
[BlackElo "1616"]
[BlackRD "68"]
[GameID "98111"]

1. e4 e5 2. Nf3 Nc6 3. Bc4 Nf6 4. d4 exd4 5. e5 d5 6. Bb5 Ng4 7. O-O Bd7 8. Re1 Bc5 9. h3 Nh6 10. Bg5 Qc8
11. Bxh6 gxh6 12. Qd2 a6 13. Bxc6 Bxc6 14. b4 Ba7 15. e6 fxe6 16. Qxh6 Bd7 17. Ng5 d3 18. Nc3 Rf8 19. Nxe6 Bxf2+ 20. Kh2 Rf7
21. Ng5+ Bxe1 22. Rxe1+ Re7 23. Rxe7+ Kxe7 24. Nxd5+ Kd8 25. Qf8+
1-0

[Event "It's a Knockout"]
[Site "SchemingMind.com"]
[Date "2007.03.26"]
[Round "-"]
[White "Mitchell-in"]
[Black "Robert Pallett"]
[Result "0-1"]
[WhiteCountry "ENG"]
[BlackCountry "ENG"]
[WhiteElo "1572"]
[WhiteRD "64"]
[BlackElo "2271"]
[BlackRD "72"]
[GameID "98116"]

1. e4 c5 2. Nf3 d6 3. c3 Nf6 4. h3 Nc6 5. Bd3 e5 6. Bc2 d5 7. exd5 Qxd5 8. O-O e4 9. Re1 Be7 10. Nh4 g5
11. Nf3 exf3
0-1

[Event "It's a Knockout"]
[Site "SchemingMind.com"]
[Date "2007.09.20"]
[Round "-"]
[White "C. H. O'D. Schlechter"]
[Black "Robert Pallett"]
[Result "1/2-1/2"]
[WhiteCountry "USA"]
[BlackCountry "ENG"]
[WhiteElo "2392"]
[WhiteRD "68"]
[BlackElo "2325"]
[BlackRD "74"]
[GameID "121062"]

1. d4 d5 2. c4 c6 3. Nf3 e6 4. Nc3 Nf6 5. Bg5 Nbd7 6. e3 Qa5 7. cxd5 Nxd5 8. Qd2 Bb4 9. Rc1 h6 10. Bh4 O-O
11. a3 Bxc3 12. bxc3 Qxa3 13. e4 N5f6 14. Bd3 b5 15. O-O Re8 16. Ra1 Qf8 17. Ra5 a6 18. Rb1 e5 19. Bxf6 Nxf6 20. Nxe5 Bb7
21. f4 c5 22. d5=
1/2-1/2

[Event "It's a Knockout"]
[Site "SchemingMind.com"]
[Date "2007.09.20"]
[Round "-"]
[White "Robert Pallett"]
[Black "C. H. O'D. Schlechter"]
[Result "0-1"]
[WhiteCountry "ENG"]
[BlackCountry "USA"]
[WhiteElo "2325"]
[WhiteRD "74"]
[BlackElo "2392"]
[BlackRD "68"]
[GameID "121068"]

1. e4 e5 2. Nf3 Nc6 3. Bb5 a6 4. Ba4 Nf6 5. O-O Nxe4 6. d4 b5 7. Bb3 d5 8. dxe5 Be6 9. Nbd2 Be7 10. c3 Nc5
11. Bc2 Bg4 12. Re1 O-O 13. Nb3 Ne6 14. Qd3 g6 15. Bh6 Re8 16. a4 Qd7 17. Nbd4 Ncxd4 18. Nxd4 c5 19. Nxe6 Bxe6 20. Qf3 Bf8
21. h3 Bxh6
0-1